Úloha NBS v rámci ESCB bakalárska práca

Guardado en:
Detalles Bibliográficos
Autor principal: Gúcky, Peter
Autor Corporativo: Národohospodárska fakulta EU. Katedra bankovníctva a medzinárodných financií
Otros Autores: Tučník, Miroslav
Formato: Libro
Lenguaje:eslovaco
Publicado: Bratislava 2009
Etiquetas: Agregar Etiqueta
Sin Etiquetas, Sea el primero en etiquetar este registro!

MARC

LEADER 00000nam$a2200000$$$4500
001 0100152
005 20240319123416.1
041 0 |a slo 
044 |a SK 
245 1 0 |a Úloha NBS v rámci ESCB  |b bakalárska práca  |c Peter Gúcky ; škol. Miroslav Tučník 
264 1 |a Bratislava  |c 2009 
300 |a 35 s. 
100 1 |a Gúcky, Peter 
700 1 |a Tučník, Miroslav 
710 2 |a Národohospodárska fakulta EU. Katedra bankovníctva a medzinárodných financií